Kỹ thuật nuôi cá cảnh

में बचाया:
ग्रंथसूची विवरण
मुख्य लेखक: Mills, Dick
स्वरूप: पुस्तक
भाषा:Undetermined
प्रकाशित: Hà Nội VHTT 1999
विषय:
टैग : टैग जोड़ें
कोई टैग नहीं, इस रिकॉर्ड को टैग करने वाले पहले व्यक्ति बनें!
Thư viện lưu trữ: Trung tâm Học liệu Trường Đại học Cần Thơ
LEADER 00504nam a2200193Ia 4500
001 CTU_35236
008 210402s9999 xx 000 0 und d
020 |c 52.000 
082 |a 639.342 
082 |b M645 
100 |a Mills, Dick 
245 0 |a Kỹ thuật nuôi cá cảnh 
245 0 |c Dick Mills 
260 |a Hà Nội 
260 |b VHTT 
260 |c 1999 
650 |a Fish-culture,ornamental fishes 
904 |i Minh, 000222 
980 |a Trung tâm Học liệu Trường Đại học Cần Thơ